Statistics for Countries that designate ISIS as a terrorist organisation

Click here to take the quiz!

General Stats

  • This quiz has been taken 645 times
  • The average score is 9 of 15

Answer Stats

Answer% Correct
United States
99%
United Kingdom
98%
Canada
82%
Russia
78%
Syria
71%
Israel
68%
Australia
66%
Saudi Arabia
66%
Turkey
66%
India
62%
Egypt
58%
United Arab Emirates
53%
Indonesia
33%
Malaysia
21%
Kyrgyzstan
8%

Score Distribution

Percentile by Number Answered

Percent of People with Each Score

Your Score History

You have not taken this quiz